书目信息 |
| 题名: |
艾思奇与马克思主义大众化
|
|
| 作者: | 王红梅 著 | |
| 分册: | ||
| 出版信息: | 北京 中国社会科学出版社 2017 |
|
| 页数: | 228页 | |
| 开本: | 24cm | |
| 丛书名: | ||
| 单 册: | ||
| 中图分类: | B261 , B27 | |
| 科图分类: | ||
| 主题词: | ||
| 电子资源: | ||
| ISBN: | 978-7-5161-9520-8 | |
| 000 | 01350nam0 22002651 450 | |
| 001 | 1738613697 | |
| 005 | 20170627164632.0 | |
| 010 | @a978-7-5161-9520-8@dCNY55.00 | |
| 100 | @a20170508d2017 em y0chiy50 ea | |
| 101 | 0 | @achi |
| 102 | @aCN@b110000 | |
| 105 | @ay z 000yy | |
| 106 | @ar | |
| 200 | 1 | @a艾思奇与马克思主义大众化@9ai si qi yu ma ke si zhu yi da zhong hua@f王红梅著 |
| 210 | @a北京@c中国社会科学出版社@d2017 | |
| 215 | @a228页@d24cm | |
| 300 | @a宝鸡文理学院马克思主义哲学省级重点学科资助 宝鸡文理学院重点项目“艾思奇与马克思主义大众化”的最终成果 | |
| 330 | @a在推进马克思主义大众化的道路上,艾思奇创造性的探索了一种全新的宣传马克思主义哲学的方式,使马克思主义哲学焕发出巨大的吸引力和凝聚力。他是开辟中国马克思主义通俗化、大众化道路的第一人;是提出马克思主义哲学中国化的第一人;是主编中国自己的马克思主义哲学教科书的第一人;也是长期工作在普及与宣传马克思主义哲学第一线的大师级第一人。本文考察艾思奇推进马克思主义大众化的条件,其大众化思想的形成、深化与发展,艾思奇在北京时期对马克思主义大众化的推进与发展,以及对当代的启示。 | |
| 600 | 0 | @a艾思奇(1910-1966)@9ai si qi 1910-1966@x哲学思想@x研究 |
| 600 | 0 | @a马克思主义哲学@9ma ke si zhu yi zhe xue@x发展@x研究@y中国 |
| 690 | @aB261@v5 | |
| 690 | @aB27@v5 | |
| 701 | 0 | @a王红梅@9wang hong mei@4著 |
| 801 | 0 | @aCN@bTANGWEI@c20170621 |
| 905 | @b1016043-6@dB261@e101@f4 | |
| 艾思奇与马克思主义大众化/王红梅著.-北京:中国社会科学出版社,2017 |
| 228页;24cm |
| 宝鸡文理学院马克思主义哲学省级重点学科资助 宝鸡文理学院重点项目“艾思奇与马克思主义大众化”的最终成果 |
| ISBN 978-7-5161-9520-8:CNY55.00 |
| 在推进马克思主义大众化的道路上,艾思奇创造性的探索了一种全新的宣传马克思主义哲学的方式,使马克思主义哲学焕发出巨大的吸引力和凝聚力。他是开辟中国马克思主义通俗化、大众化道路的第一人;是提出马克思主义哲学中国化的第一人;是主编中国自己的马克思主义哲学教科书的第一人;也是长期工作在普及与宣传马克思主义哲学第一线的大师级第一人。本文考察艾思奇推进马克思主义大众化的条件,其大众化思想的形成、深化与发展,艾思奇在北京时期对马克思主义大众化的推进与发展,以及对当代的启示。 |
| ● |
| 相关链接 |
|
|
|
|
正题名:艾思奇与马克思主义大众化
索取号:B261/101
 
预约/预借
| 序号 | 登录号 | 条形码 | 馆藏地/架位号 | 状态 | 备注 |
| 1 | 1016043 | 210160430 | 第一样本阅览室/ [索取号:B261/101] | 在馆 | |
| 2 | 1016044 | 210160449 | 第一借阅区/ [索取号:B261/101] | 在馆 | |
| 3 | 1016045 | 210160458 | 教育系资料室/ [索取号:B261/101] | 在馆 | |
| 4 | 1016046 | 210160467 | 教育系资料室/ [索取号:B261/101] | 在馆 |